01061 a2200265 4500001000700000020001800007040003200025090000800057100001600065245004500081250001300126260001900139300003300158362000900191490003800200520033400238650001800572650002600590650001200616650002400628650002500652942000700677952009200684999001900776120086 a9781408315231 cEscola Canadense de Niteroi aBLA aBlade, Adam10aBeast Quest: Doomskull the king of fear  a1st. ed. aUnited Kingdom a128 p.c3 x 0.4 x 7.8 inches0 a20140 aBeast Quest: master of the beasts aBattle fearsome beasts and fight evil with Tom and Elenna in the bestselling adventure series for boys and girls aged 7 and up. Doomskull the King of Fear, Malvel's most terrifying Beast yet, has kidnapped King Hugo! If Tom fails to save him, Avantia is doomed. Tom must fight harder than he has ever done before to win the day! 4aGood and evil 4aChildren's Literature 4aFantasy 4aAction or Adventure 4aQuests (Expeditions) cBK 00104070a80.1b80.1d2024-02-09l0oBLApA17179r2024-02-09 21:15:47w2024-02-09yBK c120086d120086